Reading placement tests, 4th-6th grades. (Record no. 112760)
[ view plain ]
| 000 -LEADER | |
|---|---|
| fixed length control field | 00586nam a2200169 a 4500 |
| 001 - CONTROL NUMBER | |
| control field | 2992 |
| 005 - DATE AND TIME OF LATEST TRANSACTION | |
| control field | 20140414131950.0 |
| 008 - FIXED-LENGTH DATA ELEMENTS--GENERAL INFORMATION | |
| fixed length control field | 060103s19uu xx 00 eng d |
| 020 ## - INTERNATIONAL STANDARD BOOK NUMBER | |
| International Standard Book Number | 0-439-40413-4 |
| 050 ## - LIBRARY OF CONGRESS CALL NUMBER | |
| Classification number | TR 371.271 |
| Item number | Re22 2002 |
| 245 ## - TITLE STATEMENT | |
| Title | Reading placement tests, 4th-6th grades. |
| 260 ## - PUBLICATION, DISTRIBUTION, ETC. (IMPRINT) | |
| Place of publication, distribution, etc | New York : |
| Name of publisher, distributor, etc | Scholastic Professional Books, |
| Date of publication, distribution, etc | 2002. |
| 300 ## - PHYSICAL DESCRIPTION | |
| Extent | 72 p. : ill. ; cm. |
| 520 ## - SUMMARY, ETC. | |
| Summary, etc | Easy assessment to determine students' levels in Phonics, vocabulary, and reading comprehension. |
| 650 ## - SUBJECT ADDED ENTRY--TOPICAL TERM | |
| Topical term or geographic name as entry element | Test and examination |
| General subdivision | Reading |
| -- | Juvenile literature. |
| Withdrawn status | Lost status | Damaged status | Use restrictions | Home library | Current library | Shelving location | Date acquired | Source of acquisition | Cost, normal purchase price | Total Checkouts | Full call number | Barcode | Date last seen | Price effective from | Koha item type |
|---|---|---|---|---|---|---|---|---|---|---|---|---|---|---|---|
| Munich Library | Munich Library | Teachers Reference Section | 01/03/2006 | 225.00 | TR 371.271 Re22 2002 | M4150 | 04/14/2014 | 04/14/2014 | Books |